Prognóza základních tendencí reprodukčního procesu čs. ekonomiky do roku 2000 etapa 1981

Saved in:
Bibliographic Details
Format: Book
Language:Czech
Published: Praha Ekonomický ústav ČSAV 1982
Series:VPE č. 155
Tags: Add Tag
No Tags, Be the first to tag this record!

MARC

LEADER 00000nam a2200000 4500
001 c137396
005 20041019155309.8
041 0 |a cze 
044 |a CZ 
245 1 0 |a Prognóza základních tendencí reprodukčního procesu čs. ekonomiky do roku 2000  |b etapa 1981 
264 1 |a Praha  |b Ekonomický ústav ČSAV  |c 1982 
300 |a 110 s. 
490 1 |a VPE  |v č. 155 
830 0 |a VPE  |v č. 155